Koncepčný návrh robotizovaného pracoviska pre konzerváciu guličkových ložísk s využitím projekčného softvéru ABB RobotStudio

Guardado en:
Detalles Bibliográficos
Autor principal: Vilášek, Lukáš (Autor)
Otros Autores: Vachálek, Ján (Orientador)
Formato: Manuscrito Libro
Lenguaje:eslovaco
Publicado: 2016
Materias:
Acceso en línea:http://is.stuba.sk/zp/portal_zp.pl?podrobnosti=108086
Etiquetas: Agregar Etiqueta
Sin Etiquetas, Sea el primero en etiquetar este registro!

MARC

LEADER 00000ntm a22000003a 4500
001 stuzp58126
003 SK-STU
005 20160719155455.7
007 ta
008 150427s2015----xo-----f-mn---000-0-slo-d
040 |a STU  |b slo 
041 0 |a slo 
100 1 |a Vilášek, Lukáš  |u 020020  |4 aut  |U SjF Strojnícka fakulta  |T SjF Ústav automatizácie, merania a aplikovanej informatiky  |X 62834  |U J0020  |Y 802  |7 62834 
242 0 1 |a Design of robotic workstation for conversation of ball-bearing in projection software ABB RobotStudio  |y eng 
245 1 0 |a Koncepčný návrh robotizovaného pracoviska pre konzerváciu guličkových ložísk s využitím projekčného softvéru ABB RobotStudio 
260 |c 2016 
650 4 |a priemyselný robot  |2 slo 
650 4 |a ABB RobotStudio  |2 slo 
650 4 |a guličkové ložisko  |2 slo 
650 4 |a robotická konzervačná linka  |2 slo 
650 4 |a industrial robot  |2 eng 
650 4 |a ABB RobotStudio  |2 eng 
650 4 |a robotic conservation line  |2 eng 
650 4 |a ball-bearing  |2 eng 
700 1 |a Vachálek, Ján  |u 020020  |k Z1  |4 ths  |U SjF Strojnícka fakulta  |T SjF Ústav automatizácie, merania a aplikovanej informatiky  |X 2232  |U J0020  |Y 802  |7 A000002232 
856 4 |u http://is.stuba.sk/zp/portal_zp.pl?podrobnosti=108086 
996 |b 284J044046  |c J* 2346/BP  |l JJSK  |s A  |a 24  |w stuzp58126_0001 
SQL |a stuzp58126  |b DBP  |c SLO  |d Koncepčný návrh robotizovaného pracoviska pre konzerváciu guličkových ložísk s využitím projekčného softvéru ABB RobotStudio  |e 62834  |f Vilášek, Lukáš  |g 020020  |h 2232  |i Vachálek, Ján  |j 20160614  |k 646  |l 02  |m http://is.stuba.sk/zp/portal_zp.pl?podrobnosti=108086  |n B-AISP  |o 5.2.14. automatizácia